South Eastern Kenya University

Library Online Public Access Catalogue


Santillana spotlight on English: (Record no. 14237)

MARC details
000 -LEADER
fixed length control field 00555nam a22001817a 4500
003 - CONTROL NUMBER IDENTIFIER
control field OSt
005 - DATE AND TIME OF LATEST TRANSACTION
control field 20160519152758.0
008 - FIXED-LENGTH DATA ELEMENTS--GENERAL INFORMATION
fixed length control field 160519b xxu||||| |||| 00| 0 eng d
020 ## - INTERNATIONAL STANDARD BOOK NUMBER
International Standard Book Number 9781614350507
040 ## - CATALOGING SOURCE
Original cataloging agency SEKU
050 ## - LIBRARY OF CONGRESS CALL NUMBER
Classification number PE 1117
Item number .S2
100 ## - MAIN ENTRY--PERSONAL NAME
Personal name Castro, Mario Ed.
245 ## - TITLE STATEMENT
Title Santillana spotlight on English:
Remainder of title academic English for success in content and literacy
260 ## - PUBLICATION, DISTRIBUTION, ETC. (IMPRINT)
Place of publication, distribution, etc. USA:
Name of publisher, distributor, etc. NuPress;
Date of publication, distribution, etc. 2008.
300 ## - PHYSICAL DESCRIPTION
Extent several pagings.:
650 ## - SUBJECT ADDED ENTRY--TOPICAL TERM
Topical term or geographic name as entry element English language
Form subdivision (Elementary)--Foreign speakers
General subdivision Study and teaching
942 ## - ADDED ENTRY ELEMENTS (KOHA)
Source of classification or shelving scheme Library of Congress Classification
Koha item type General circulation
Holdings
Withdrawn status Lost status Source of classification or shelving scheme Damaged status Not for loan Home library Current library Shelving location Date acquired Source of acquisition Total Checkouts Total Renewals Full call number Barcode Date last seen Date last checked out Price effective from Koha item type
    Library of Congress Classification     Main Campus Library Main Campus Library General Stacks 19/05/2016 Donation-Books of African 4 1 PE 1117 .S2 2016/014453 07/07/2020 06/07/2020 19/05/2016 General circulation
    Library of Congress Classification     Main Campus Library Main Campus Library General Stacks 19/05/2016 Donation-Books for Africa 4   PE 1117 .S2 2016/014452 12/03/2021 08/02/2021 19/05/2016 General circulation
    Library of Congress Classification     Main Campus Library Main Campus Library   19/05/2016 Donation-books for Africa 3 1 PE 1117 .S2 2016/014454 05/12/2023 10/11/2023 19/05/2016 General circulation
    Library of Congress Classification     Main Campus Library Main Campus Library General Stacks 23/05/2016 Donation-Books for Africa     PE 1117 .S2 2016/014455 23/05/2016   23/05/2016 General circulation
Kitui, Kenya.
+254736116989
library@seku.ac.ke